000 00432cam a2200145ua 4500
041 _aeng
_h
082 _a825
_bTRE/LA
100 _aTrevelyan, G.M .
245 _aLayman`s Love of letters, Being the clark lectures delivered at Cambridge October- November 1953 /
_cG.M.Trevelyan.
_hTextual Documents
260 _aLondon :
_bLongmans Green and co. ,
_c1954.
300 _a125 ; .
504 _a
942 _cBK
999 _c789
_d789